| 000 | 00503nam a22001817a 4500 | ||
|---|---|---|---|
| 999 |
_c1956 _d1956 |
||
| 003 | SLTCLib | ||
| 008 | 260119b ce ||||| |||| 00| 0 eng d | ||
| 020 | _a9780123743336 | ||
| 041 | _aEnglish | ||
| 082 |
_a004.16 _bSAS |
||
| 100 |
_aSass, Ron _93482 |
||
| 245 |
_aEmbedded Systems Design with Platform FPGAs _bPrinciples and Practices |
||
| 260 |
_aLondon _bElsevier _c2010 |
||
| 300 | _a389p. | ||
| 650 | 0 |
_92052 _a Embedded computer systems |
|
| 700 |
_93481 _aSchmidt, Andrew G. |
||
| 942 |
_2ddc _cMRE |
||
| 945 |
_a3725 _bIshara wickramage _c3725 _dIshara wickramage |
||